| 000 | 00744nab#a2200241#c#4500 | ||
|---|---|---|---|
| 999 |
_c122182 _d122182 |
||
| 003 | IEF | ||
| 005 | 20191210184651.0 | ||
| 008 | 950704s1975 uuu|| #####0 b| |u | ||
| 040 |
_aIEF _cES-MaIEF |
||
| 100 | 1 |
_aÁlvarez Corbacho, Xoaquín _9971 |
|
| 245 |
_aProblemas teóricos de la distribución de los beneficios y costes en la política del medio ambiente _c Joaquín Álvarez Corbacho |
||
| 260 | _c1975 | ||
| 500 | _aBibliografía | ||
| 650 | 4 |
_aECOLOGIA _942911 |
|
| 650 | 4 |
_aMEDIO AMBIENTE _947492 |
|
| 650 | 4 |
_aPOLITICA DEL MEDIO AMBIENTE _948056 |
|
| 650 | 4 |
_aCOSTOS _941427 |
|
| 650 | 4 |
_aBENEFICIOS _932314 |
|
| 773 | 0 |
_tHacienda pública española _w34570 _g37, p. 189-191 |
|
| 942 | _2udc | ||
| 942 | _2udc | ||